SEV cifry, fakty, argumenty

Gespeichert in:
Bibliographische Detailangaben
Format: Buch
Sprache:Russisch
Veröffentlicht: Moskva Sovet Ekonomičeskoj Vzaimopomošči 1982
Schlagworte:
Tags: Tag hinzufügen
Keine Tags, Fügen Sie das erste Tag hinzu!

MARC

LEADER 00000nam a2200000 4500
001 c129046
005 20260325070542.0
041 0 |a rus 
044 |a RU 
245 1 0 |a SEV  |b cifry, fakty, argumenty 
264 1 |a Moskva  |b Sovet Ekonomičeskoj Vzaimopomošči  |c 1982 
300 |a 56 s. 
610 2 0 |a RVHP